000 01121aam a2200313 i 4500
001 768714001
003 CO-MdFUSB
005 20250429162130.0
007 ta
008 250429t2002 ck |||| |||| 00| 0 spa d
020 _a0-7899-0841-7
040 _cCO-MdFUSB
041 0 _aspa
082 0 4 _a239
_223
_bR178c
100 1 _aRamsay, Richard B.
_eautor
245 1 0 _aCatólicos y protestantes :
_b¿cuál es la diferencia?
_c/ Richard B. Ramsay
250 _aprimera edición
264 1 _bUnilit,
_aMiami, FL :
_c[2002]
264 4 _c©2002
300 _a251 páginas
336 _atexto
_btxt
_2rdacontent
337 _2rdamedia
_asin mediación
_bn
338 _2rdacarrier
_avolumen
_bnc
505 _a- El enfoque católico de la salvación - Sólo por fe: el enfoque protestante de la salvación - Aclarando dudas - Sólo la Biblia - Sólo Jesús - Los sacramentos y la penitencia - Los libros apócrifos - El papado y el gobierno de la iglesia - El purgatorio y las indulgencias - El celibato y el divorcio.
563 _aRústico
650 7 _aApologética
_9187
942 _cBK
945 _aJTF-925
999 _c42584
_d42584